000 01199nam a2200325 c 4500
999 _c326816
_d326816
003 BLK
005 20220827144028.0
008 180408b bul|||||r ||||||| ||bul||
010 _aKNG00045171000
020 _a978-954-28-2741-2
040 _aBLK
041 _aBUL
_cBUL
072 7 _2bullib
_aН83
_xЧужда художествена литература Н
080 _aИталианска литература
_b821.131.1
_x-311.6
_z821.131.1-311.6
100 1 _aФалачи, Ориана
_eпърви автор
_9133423
139 _aФалачи, Ориана
_bФ 19
245 1 0 _a1968 - дневник на една преломна година
_cОриана Фалачи; прев. от итал. Иво Йонков
257 _aITA
260 _bCiela Soft and Publ.
_c2011
300 _a380 с.
_c21 см
380 _aX
659 _aН
700 _aЙонков, Иво Ценов
_eпрев. от итал.
_9342554
852 _bП
_cП 850-31/Ф 19
856 4 _qpdf
856 4 _qpdf
942 _cKNG
_n0
_019
944 _aCR
_c05.01.2012
_kПенка_Димитрова
944 _aED
_c15.03.2013
999 _d326816
999 _d326816
999 _d326816
999 _d41595
999 _d41595